[Event "Mittelrhein Verbandsliga-S 18/19"]
[Site "Nordrheinwestfalen"]
[Date "2019.03.10"]
[Round "8.4"]
[White "Roski, Ferdinand"]
[Black "Kuhn, Andreas"]
[Result "1-0"]
[WhiteElo "2083"]
[BlackElo "1966"]
[PlyCount "49"]
[EventDate "2018.09.02"]
[EventType "team-tourn"]
[EventRounds "11"]
[EventCountry "GER"]
[SourceTitle "EXT 2022"]
[Source "ChessBase"]
[SourceDate "2021.10.06"]
[SourceVersion "1"]
[SourceVersionDate "2021.10.06"]
[SourceQuality "1"]
[WhiteTeam "Godesberg II"]
[BlackTeam "Niederkassel II"]
[WhiteTeamCountry "GER"]
[BlackTeamCountry "GER"]

1. Nf3 g6 2. g3 Bg7 3. Bg2 c5 4. 0-0 Nc6 5. d3 d6 6. e4 e5 7. Nc3 Nge7 8. Be3 0-0 9. Qd2 Re8 10. Nh4 Nd4 11. Rac1 b6 12. f4 exf4 13. Bxf4 Be6 14. Rf2 Qd7 15. Bh6 Bh8 16. Rcf1 Rad8 17. g4 d5 18. Bg5 dxe4 19. Nxe4 Nd5 20. Bxd8 Qxd8 21. Ng5 Bf6 22. Nxe6 Rxe6 23. Bxd5 Bxh4 24. Bxe6 Bxf2+ 25. Qxf2 1-0

[Event "NRW Class1 1819"]
[Site "Germany"]
[Date "2019.01.13"]
[Round "5.8"]
[White "Kuhn, Andreas"]
[Black "Keller, Dirk"]
[Result "1/2-1/2"]
[WhiteElo "1973"]
[BlackElo "1892"]
[PlyCount "31"]
[EventDate "2018.09.16"]
[EventType "team-tourn"]
[EventRounds "9"]
[EventCountry "GER"]
[SourceTitle "EXT 2022"]
[Source "ChessBase"]
[SourceDate "2021.10.06"]
[SourceVersion "1"]
[SourceVersionDate "2021.10.06"]
[SourceQuality "1"]
[WhiteTeam "Niederkassel"]
[BlackTeam "Nienberge"]
[WhiteTeamCountry "GER"]
[BlackTeamCountry "GER"]

1. d4 Nf6 2. c4 e6 3. g3 d5 4. Nf3 dxc4 5. Bg2 b5 6. a4 c6 7. 0-0 Bb7 8. Ne5 Nd5 9. b3 f6 10. bxc4 fxe5 11. cxd5 cxd5 12. axb5 Bd6 13. Be3 a6 14. Na3 Nd7 15. bxa6 Bxa6 16. Nc2 1/2-1/2

[Event "Mittelrhein Verbandsliga-S 18/19"]
[Site "Nordrheinwestfalen"]
[Date "2018.11.18"]
[Round "4.4"]
[White "Kuehne, Thomas"]
[Black "Kuhn, Andreas"]
[Result "1-0"]
[WhiteElo "1951"]
[BlackElo "1956"]
[PlyCount "89"]
[EventDate "2018.09.02"]
[EventType "team-tourn"]
[EventRounds "11"]
[EventCountry "GER"]
[SourceTitle "EXT 2022"]
[Source "ChessBase"]
[SourceDate "2021.10.06"]
[SourceVersion "1"]
[SourceVersionDate "2021.10.06"]
[SourceQuality "1"]
[WhiteTeam "St Augustin Turm"]
[BlackTeam "Niederkassel II"]
[WhiteTeamCountry "GER"]
[BlackTeamCountry "GER"]

1. d4 f5 2. c4 Nf6 3. Nc3 e6 4. Nf3 Bb4 5. Bd2 0-0 6. g3 b6 7. Bg2 Bb7 8. 0-0 d6 9. a3 Bxc3 10. Bxc3 Ne4 11. Qc2 Nxc3 12. Qxc3 Nd7 13. b4 Nf6 14. Rad1 Qe7 15. e3 Rac8 16. Qb3 c5 17. dxc5 bxc5 18. b5 Qc7 19. Ng5 Bxg2 20. Kxg2 Qe7 21. f4 Rfd8 22. Rd3 d5 23. Rfd1 dxc4 24. Qxc4 Rd5 25. Nxe6 Qxe6 26. Rxd5 Nxd5 27. Rxd5 Qf7 28. Rd4 Rb8 29. Qxf7+ Kxf7 30. Rd7+ Ke6 31. Rxg7 Rxb5 32. Rxa7 c4 33. Rc7 Kd5 34. Kf3 Ra5 35. Rxh7 Rxa3 36. Rc7 Ra2 37. h3 Rh2 38. h4 Rh1 39. Rc8 Rh2 40. Rd8+ Ke6 41. e4 c3 42. exf5+ Kxf5 43. Rd5+ Kf6 44. Rc5 c2 45. Rc6+ 1-0

[Event "Mittelrhein Verbandsliga-S 18/19"]
[Site "Nordrheinwestfalen"]
[Date "2018.09.02"]
[Round "1.3"]
[White "Kuhn, Andreas"]
[Black "Evers, Leo"]
[Result "1/2-1/2"]
[WhiteElo "1921"]
[BlackElo "1997"]
[PlyCount "159"]
[EventDate "2018.09.02"]
[EventType "team-tourn"]
[EventRounds "11"]
[EventCountry "GER"]
[SourceTitle "EXT 2022"]
[Source "ChessBase"]
[SourceDate "2021.10.06"]
[SourceVersion "1"]
[SourceVersionDate "2021.10.06"]
[SourceQuality "1"]
[WhiteTeam "Niederkassel II"]
[BlackTeam "Porz SG IV"]
[WhiteTeamCountry "GER"]
[BlackTeamCountry "GER"]

1. d4 Nf6 2. c4 c5 3. d5 b5 4. cxb5 a6 5. bxa6 g6 6. Nc3 Bg7 7. Nf3 0-0 8. g3 d6 9. Bg2 Nxa6 10. 0-0 Nb4 11. Re1 Bb7 12. Nh4 Qb6 13. a3 Rfc8 14. h3 Na6 15. Rb1 Rab8 16. Na4 Qd8 17. e4 Ba8 18. Bd2 Nd7 19. b4 cxb4 20. axb4 Ne5 21. Bc3 Qd7 22. Bf1 Qb7 23. f4 Nd7 24. Bxg7 Kxg7 25. Qd4+ Kg8 26. b5 Nac5 27. Nf3 Nxa4 28. Qxa4 Rc3 29. Nd4 Qb6 30. Kg2 Nf6 31. Qb4 Rbc8 32. Nc6 Rc2+ 33. Re2 Rxe2+ 34. Bxe2 Bxc6 35. bxc6 Qe3 36. Bf3 Ra8 37. c7 Kg7 38. Rb2 Ra1 39. Rb1 Ra2+ 40. Rb2 Ra1 41. Rb1 Rxb1 42. Qxb1 Qd2+ 43. Kg1 Qc3 44. Qd1 Qxc7 45. Qe2 Qc5+ 46. Kg2 Qd4 47. Kh2 Nd7 48. Kg2 Nb6 49. h4 Nc4 50. Qf2 Ne3+ 51. Kh3 h5 52. Qe2 Kf6 53. Qf2 Kg7 54. Qe2 Kf8 55. Qa2 Nf1 56. Qg2 Nd2 57. Qe2 Kg7 58. Kg2 Qc3 59. Kf2 e6 60. dxe6 fxe6 61. Qe3 Qb2 62. Qe2 Kf7 63. Bg2 Qb6+ 64. Qe3 Qxe3+ 65. Kxe3 Nc4+ 66. Kd4 Nb6 67. Bf3 Kf6 68. g4 hxg4 69. Bxg4 d5 70. e5+ Ke7 71. Be2 Na8 72. h5 gxh5 73. Bxh5 Nc7 74. Bg6 Na6 75. f5 exf5 76. Kxd5 f4 77. Ke4 Nc5+ 78. Kxf4 Nd7 79. Bf5 Nxe5 80. Kxe5 1/2-1/2

[Event "Mittelrhein Verbandsliga-S 17/18"]
[Site "Nordrheinwestfalen"]
[Date "2018.05.06"]
[Round "11.6"]
[White "Mueller, Dominik"]
[Black "Kuhn, Andreas"]
[Result "1/2-1/2"]
[WhiteElo "1790"]
[BlackElo "1889"]
[PlyCount "36"]
[EventDate "2017.09.10"]
[EventType "team-tourn"]
[EventRounds "11"]
[EventCountry "GER"]
[SourceTitle "EXT 2022"]
[Source "ChessBase"]
[SourceDate "2021.10.06"]
[SourceVersion "1"]
[SourceVersionDate "2021.10.06"]
[SourceQuality "1"]
[WhiteTeam "Godesberg III"]
[BlackTeam "Niederkassel II"]
[WhiteTeamCountry "GER"]
[BlackTeamCountry "GER"]

1. Nf3 g6 2. e4 Bg7 3. c3 d6 4. d4 Nf6 5. Nbd2 0-0 6. Bc4 Nc6 7. 0-0 e5 8. dxe5 dxe5 9. Bb5 Bd7 10. Bxc6 Bxc6 11. Nxe5 Bxe4 12. Nxe4 Nxe4 13. Nf3 c6 14. Be3 Qc7 15. Qc2 Nf6 16. h3 c5 17. Rad1 Rfd8 18. Bg5 Rxd1 1/2-1/2

[Event "Mittelrhein Verbandsliga-S 17/18"]
[Site "Nordrheinwestfalen"]
[Date "2018.02.25"]
[Round "8.6"]
[White "Kuhn, Andreas"]
[Black "Langner, Jasper"]
[Result "1-0"]
[WhiteElo "1821"]
[BlackElo "1823"]
[PlyCount "77"]
[EventDate "2017.09.10"]
[EventType "team-tourn"]
[EventRounds "11"]
[EventCountry "GER"]
[SourceTitle "EXT 2022"]
[Source "ChessBase"]
[SourceDate "2021.10.06"]
[SourceVersion "1"]
[SourceVersionDate "2021.10.06"]
[SourceQuality "1"]
[WhiteTeam "Niederkassel II"]
[BlackTeam "Koeln SF III"]
[WhiteTeamCountry "GER"]
[BlackTeamCountry "GER"]

1. Nf3 g6 2. c4 Bg7 3. g3 c5 4. Bg2 Nc6 5. Nc3 e5 6. 0-0 Nge7 7. a3 a5 8. Ne1 0-0 9. Nc2 d6 10. Ne3 Rb8 11. Rb1 f5 12. Ned5 Be6 13. b4 axb4 14. axb4 cxb4 15. Nxe7+ Qxe7 16. Nd5 Bxd5 17. cxd5 Na5 18. Rxb4 e4 19. d3 exd3 20. Qxd3 Rfc8 21. Be3 Rc3 22. Qb5 Ra3 23. Bb6 Bc3 24. Rbb1 Rc8 25. Bxa5 Bxa5 26. Qxb7 Qxb7 27. Rxb7 Rc7 28. Rb8+ Kg7 29. Rfb1 Rac3 30. Bf3 Rc1+ 31. Rxc1 Rxc1+ 32. Kg2 Kf6 33. h4 h5 34. e4 Rc7 35. exf5 Kxf5 36. Rf8+ Ke5 37. Re8+ Kd4 38. Re6 Be1 39. Rxe1 1-0

[Event "Eschborn op"]
[Site "Eschborn"]
[Date "2017.10.14"]
[Round "2"]
[White "Hacker, Jonas"]
[Black "Kuhn, Andreas"]
[Result "1-0"]
[WhiteElo "2271"]
[BlackElo "1832"]
[PlyCount "95"]
[EventDate "2017.10.13"]
[EventType "swiss"]
[EventRounds "5"]
[EventCountry "GER"]
[SourceTitle "EXT 2019"]
[Source "ChessBase"]
[SourceDate "2018.10.10"]
[SourceVersion "1"]
[SourceVersionDate "2018.10.10"]
[SourceQuality "1"]

1. e4 d6 2. d4 Nf6 3. Nc3 e5 4. Nf3 Nbd7 5. Bc4 Be7 6. 0-0 0-0 7. a4 c6 8. Re1 a5 9. h3 Nb6 10. Bf1 exd4 11. Nxd4 d5 12. e5 Nfd7 13. Nf5 Nc5 14. Nxe7+ Qxe7 15. b3 Be6 16. Ba3 Nbd7 17. Qd4 b6 18. f4 f6 19. exf6 Qxf6 20. Qxf6 Rxf6 21. Ne2 Bf5 22. Rac1 Be4 23. Bb2 Rf7 24. g3 Nf6 25. Nd4 Rc7 26. Re2 Re8 27. Rce1 Ne6 28. Nxe6 Rxe6 29. f5 Re8 30. Bxf6 gxf6 31. Bg2 Rce7 32. Kf2 Re5 33. Bxe4 dxe4 34. g4 h5 35. Kg3 hxg4 36. hxg4 b5 37. c4 bxa4 38. bxa4 e3 39. Kf3 Rb8 40. Rxe3 Rxe3+ 41. Rxe3 Rb4 42. Re6 Rxa4 43. Rxc6 Kf7 44. Rc7+ Ke8 45. Ke4 Kd8 46. Rc6 Kd7 47. Kd5 Rxc4 48. Rxc4 1-0

[Event "Mittelrhein Verbandsliga-O 16/17"]
[Site "Nordrheinwestfalen"]
[Date "2017.02.19"]
[Round "8.6"]
[White "Gutt, Stefan"]
[Black "Kuhn, Andreas"]
[Result "1/2-1/2"]
[WhiteElo "1787"]
[BlackElo "1845"]
[PlyCount "55"]
[EventDate "2016.09.11"]
[EventType "team-tourn"]
[EventRounds "11"]
[EventCountry "GER"]
[SourceTitle "EXT 2022"]
[Source "ChessBase"]
[SourceDate "2021.10.06"]
[SourceVersion "1"]
[SourceVersionDate "2021.10.06"]
[SourceQuality "1"]
[WhiteTeam "Bergische SF II"]
[BlackTeam "Niederkassel II"]
[WhiteTeamCountry "GER"]
[BlackTeamCountry "GER"]

1. d4 d6 2. c4 Nf6 3. Nc3 Nbd7 4. Nf3 e5 5. dxe5 dxe5 6. Qc2 c6 7. g3 Be7 8. Bg2 0-0 9. 0-0 Qc7 10. h3 Re8 11. Be3 a5 12. Na4 b6 13. Rfd1 Ba6 14. Ng5 Rab8 15. Rab1 h6 16. Ne4 c5 17. b3 Nxe4 18. Bxe4 Nf6 19. Bg2 Bb7 20. Nc3 Bxg2 21. Kxg2 Red8 22. Kh2 Qc6 23. Rxd8+ Rxd8 24. Rd1 Rxd1 25. Qxd1 Ne8 26. Qd5 Qxd5 27. Nxd5 Bd8 28. Bd2 1/2-1/2

[Event "Mittelrhein Verbandsliga-O 16/17"]
[Site "Nordrheinwestfalen"]
[Date "2016.10.23"]
[Round "3"]
[White "Kuhn, Andreas"]
[Black "Meinecke, Florian"]
[Result "1/2-1/2"]
[WhiteElo "1859"]
[BlackElo "1716"]
[PlyCount "61"]
[EventDate "2016.09.11"]
[EventType "team-tourn"]
[EventRounds "11"]
[EventCountry "GER"]
[SourceTitle "EXT 2022"]
[Source "ChessBase"]
[SourceDate "2021.10.06"]
[SourceVersion "1"]
[SourceVersionDate "2021.10.06"]
[SourceQuality "1"]
[WhiteTeam "Niederkassel II"]
[BlackTeam "St Augustin Turm"]
[WhiteTeamCountry "GER"]
[BlackTeamCountry "GER"]

1. Nf3 d5 2. c4 e6 3. g3 Nf6 4. Bg2 c5 5. cxd5 exd5 6. d4 Nc6 7. 0-0 Be7 8. Nc3 0-0 9. Bg5 cxd4 10. Nxd4 Be6 11. Rc1 h6 12. Be3 Qd7 13. Nxe6 fxe6 14. Qa4 Rfd8 15. Rfd1 Rac8 16. Ne4 Nxe4 17. Bxe4 Ne5 18. Qxa7 Qb5 19. Bg2 Rxc1 20. Rxc1 Qxb2 21. Qb6 Qxb6 22. Bxb6 Rd7 23. Bh3 Kf7 24. Rc7 Rxc7 25. Bxc7 Nc4 26. e3 Bf6 27. Bf1 Ke7 28. e4 Kd7 29. exd5 exd5 30. Bf4 Kc6 31. Bd3 1/2-1/2

[Event "Mittelrhein Verbandsliga-O 15/16"]
[Site "Nordrheinwestfalen"]
[Date "2016.02.21"]
[Round "8"]
[White "Kuhn, Andreas"]
[Black "Simon, Martin"]
[Result "1-0"]
[WhiteElo "1822"]
[BlackElo "1927"]
[PlyCount "79"]
[EventDate "2015.09.06"]
[EventType "team-tourn"]
[EventRounds "11"]
[EventCountry "GER"]
[SourceTitle "EXT 2022"]
[Source "ChessBase"]
[SourceDate "2021.10.06"]
[SourceVersion "1"]
[SourceVersionDate "2021.10.06"]
[SourceQuality "1"]
[WhiteTeam "Niederkassel II"]
[BlackTeam "Koeln Lasker II"]
[WhiteTeamCountry "GER"]
[BlackTeamCountry "GER"]

1. c4 Nf6 2. Nf3 c5 3. g3 Nc6 4. Bg2 g6 5. d4 cxd4 6. Nxd4 Bg7 7. 0-0 0-0 8. Nc3 Qb6 9. Nb3 d6 10. Be3 Qd8 11. Rc1 Ng4 12. Bd2 Nge5 13. Nd5 Bd7 14. h3 Be6 15. f4 Nd7 16. Bc3 Rc8 17. Kh2 b6 18. Bxg7 Kxg7 19. e4 f6 20. Nd4 Nxd4 21. Qxd4 Kg8 22. Rcd1 Qe8 23. Rfe1 Rf7 24. b3 Qf8 25. Ne3 Rg7 26. Nd5 g5 27. Ne3 gxf4 28. gxf4 Rc5 29. Nd5 Kh8 30. Rg1 Bxd5 31. exd5 Rc8 32. Be4 Rxg1 33. Rxg1 Qh6 34. Bf5 Rd8 35. Rg4 Nf8 36. Qe4 Re8 37. Qg2 Ng6 38. Be6 f5 39. Bxf5 Nh4 40. Qe4 1-0

[Event "Mittelrhein Verbandsliga-O 15/16"]
[Site "Nordrheinwestfalen"]
[Date "2016.01.10"]
[Round "6"]
[White "Olbrisch, Manfred"]
[Black "Kuhn, Andreas"]
[Result "1-0"]
[WhiteElo "1922"]
[BlackElo "1831"]
[PlyCount "39"]
[EventDate "2015.09.06"]
[EventType "team-tourn"]
[EventRounds "11"]
[EventCountry "GER"]
[SourceTitle "EXT 2022"]
[Source "ChessBase"]
[SourceDate "2021.10.06"]
[SourceVersion "1"]
[SourceVersionDate "2021.10.06"]
[SourceQuality "1"]
[WhiteTeam "Hennef"]
[BlackTeam "Niederkassel II"]
[WhiteTeamCountry "GER"]
[BlackTeamCountry "GER"]

1. d4 d6 2. Nf3 Nf6 3. e3 g6 4. Be2 Bg7 5. c4 0-0 6. Nc3 Nbd7 7. 0-0 e5 8. b4 Re8 9. a4 e4 10. Nd2 Qe7 11. Ba3 c6 12. Nb3 Nf8 13. b5 h5 14. a5 Qc7 15. Bb4 Bg4 16. h3 Bf5 17. a6 N6d7 18. axb7 Rab8 19. Rxa7 c5 20. Ba5 1-0

[Event "Mittelrhein Verbandsliga-O 15/16"]
[Site "Nordrheinwestfalen"]
[Date "2015.09.06"]
[Round "1"]
[White "Stuch, Hans Ferdinand"]
[Black "Kuhn, Andreas"]
[Result "0-1"]
[WhiteElo "1624"]
[BlackElo "1859"]
[PlyCount "90"]
[EventDate "2015.09.06"]
[EventType "team-tourn"]
[EventRounds "11"]
[EventCountry "GER"]
[SourceTitle "EXT 2022"]
[Source "ChessBase"]
[SourceDate "2021.10.06"]
[SourceVersion "1"]
[SourceVersionDate "2021.10.06"]
[SourceQuality "1"]
[WhiteTeam "Bonn Beuel II"]
[BlackTeam "Niederkassel II"]
[WhiteTeamCountry "GER"]
[BlackTeamCountry "GER"]

1. Nf3 d6 2. d4 g6 3. e4 Bg7 4. c3 Nf6 5. Bd3 0-0 6. 0-0 Nc6 7. Bf4 Nh5 8. Bg5 h6 9. Be3 e5 10. dxe5 dxe5 11. Qc2 Bg4 12. Be2 Qe7 13. h3 Bd7 14. Nbd2 f5 15. Nb3 b6 16. Bc4+ Kh8 17. Rad1 f4 18. Bc1 g5 19. Nh2 Nf6 20. Bd5 Nxd5 21. Rxd5 Be6 22. Rdd1 Qf7 23. Na1 Bf6 24. b3 h5 25. f3 Be7 26. Qe2 Bc5+ 27. Kh1 a5 28. Nc2 Rg8 29. Ba3 Qe7 30. Bxc5 Qxc5 31. Rd3 Rg7 32. Rfd1 Rag8 33. Ne1 Rh7 34. b4 axb4 35. cxb4 Qxb4 36. Rd5 Nd4 37. R5xd4 exd4 38. Nd3 Qc4 39. Rd2 Ra8 40. Rc2 Rxa2 41. Rxc4 Rxe2 42. Rxd4 Rd7 43. Rxd7 Bxd7 44. Kg1 Bb5 45. Ne5 Kg7 0-1

[Event "Cologne Longerich op-A 12th"]
[Site "Cologne"]
[Date "2015.08.02"]
[Round "2"]
[White "Suvorov, Luca"]
[Black "Kuhn, Andreas"]
[Result "0-1"]
[WhiteElo "1812"]
[BlackElo "1938"]
[PlyCount "94"]
[EventDate "2015.07.31"]
[EventType "tourn"]
[EventRounds "5"]
[EventCountry "GER"]
[SourceTitle "EXT 2017"]
[Source "ChessBase"]
[SourceDate "2016.10.25"]
[SourceVersion "1"]
[SourceVersionDate "2016.10.25"]
[SourceQuality "1"]

1. d4 d6 2. Nf3 Nf6 3. c4 g6 4. g3 Bg7 5. Bg2 0-0 6. Nc3 Nbd7 7. 0-0 e5 8. e4 exd4 9. Nxd4 Nc5 10. Re1 Ng4 11. h3 Ne5 12. Bf1 Ne6 13. Nxe6 Bxe6 14. Nd5 Qd7 15. f4 Nc6 16. g4 Rae8 17. f5 Bxd5 18. cxd5 Ne5 19. Bf4 c5 20. Rc1 a6 21. b3 Qd8 22. Qe2 g5 23. Bd2 b5 24. Kg2 Bf6 25. Qe3 Kg7 26. Be2 h6 27. Rh1 Rh8 28. Be1 Nd7 29. Bf3 Be5 30. Rc2 f6 31. h4 Bf4 32. Qe2 Nb6 33. Kf1 Nxd5 34. Bd2 Bg3 35. Qg2 gxh4 36. exd5 Qe7 37. Rc1 Qe5 38. Rd1 Qd4 39. Be2 Qb2 40. Be1 Re3 41. Bxg3 hxg3 42. Re1 Qe5 43. Kg1 Qd4 44. Kf1 Rhe8 45. Rh3 Rxe2 46. Qxe2 Rxe2 47. Rxe2 Qd1+ 0-1

[Event "Troisdorf op"]
[Site "Troisdorf"]
[Date "2014.11.18"]
[Round "5"]
[White "Froitzheim, Ralf"]
[Black "Kuhn, Andreas"]
[Result "1/2-1/2"]
[WhiteElo "1953"]
[BlackElo "1936"]
[PlyCount "67"]
[EventDate "2014.10.21"]
[EventType "swiss"]
[EventRounds "7"]
[EventCountry "GER"]
[SourceTitle "EXT 2016"]
[Source "ChessBase"]
[SourceDate "2015.10.08"]
[SourceVersion "1"]
[SourceVersionDate "2015.10.08"]
[SourceQuality "1"]

1. c4 g6 2. g3 Bg7 3. Bg2 c5 4. Nc3 Nc6 5. a3 e6 6. b4 cxb4 7. axb4 Nxb4 8. Ba3 Bxc3 9. dxc3 Nc6 10. Nf3 Qf6 11. Nd4 Nge7 12. Nb5 0-0 13. Qd2 Rd8 14. Bd6 b6 15. h4 Bb7 16. Bc7 Rdc8 17. Bf4 e5 18. Bg5 Qe6 19. Nd6 Rcb8 20. Nxb7 Rxb7 21. Bd5 Nxd5 22. cxd5 Qd6 23. dxc6 Qxc6 24. 0-0 f6 25. Be3 d5 26. Rfd1 Rd7 27. Qb2 Rc8 28. Ra3 Rcc7 29. Rda1 Qe6 30. Kh2 Kg7 31. Qa2 Qc6 32. Qb3 Qe6 33. Ra6 Qc6 34. R6a3 1/2-1/2

[Event "Troisdorf op"]
[Site "Troisdorf"]
[Date "2012.10.23"]
[Round "1"]
[White "Kuhn, Andreas"]
[Black "Gillar, Frank"]
[Result "1/2-1/2"]
[WhiteElo "1944"]
[BlackElo "1512"]
[PlyCount "36"]
[EventDate "2012.10.23"]
[EventType "swiss"]
[EventRounds "7"]
[EventCountry "GER"]
[SourceTitle "EXT 2014"]
[Source "ChessBase"]
[SourceDate "2013.11.20"]
[SourceVersion "1"]
[SourceVersionDate "2013.11.20"]
[SourceQuality "1"]

1. c4 c5 2. g3 g6 3. Bg2 Bg7 4. Nc3 Nc6 5. Nf3 e5 6. 0-0 Nge7 7. a3 0-0 8. Ne1 d6 9. Nc2 Be6 10. Ne3 Rb8 11. Rb1 a6 12. b4 cxb4 13. axb4 Qd7 14. Ned5 b5 15. cxb5 axb5 16. d3 Nxd5 17. Nxd5 Ne7 18. Nxe7+ Qxe7 1/2-1/2

[Event "Rheinland Pfalz op 4th"]
[Site "Altenkirchen"]
[Date "2012.06.09"]
[Round "5"]
[White "Kuhn, Andreas"]
[Black "Winterberg, Lukas"]
[Result "0-1"]
[WhiteElo "1949"]
[BlackElo "2168"]
[PlyCount "50"]
[EventDate "2012.06.07"]
[EventType "swiss"]
[EventRounds "7"]
[EventCountry "GER"]
[SourceTitle "CBM 148 Extra"]
[Source "ChessBase"]
[SourceDate "2012.06.22"]
[SourceVersion "1"]
[SourceVersionDate "2012.06.22"]
[SourceQuality "1"]

1. c4 Nf6 2. Nf3 e6 3. g3 d5 4. Bg2 c6 5. d4 dxc4 6. 0-0 b5 7. a4 Bb7 8. Ne5 a6 9. axb5 axb5 10. Rxa8 Bxa8 11. Nc3 Nd5 12. e4 Nxc3 13. bxc3 Nd7 14. Nxc6 Bxc6 15. d5 Ba8 16. dxe6 fxe6 17. Qh5+ g6 18. Qxb5 Qc8 19. Rd1 Qc6 20. Qg5 Be7 21. Qh6 Nf6 22. Bg5 Kf7 23. Ra1 Bb7 24. f3 Ng8 25. Qh4 Qc5+ 0-1

[Event "Rheinland Pfalz op 4th"]
[Site "Altenkirchen"]
[Date "2012.06.08"]
[Round "3"]
[White "Kuhn, Andreas"]
[Black "Hassel, Daniel"]
[Result "1-0"]
[WhiteElo "1949"]
[BlackElo "1590"]
[PlyCount "59"]
[EventDate "2012.06.07"]
[EventType "swiss"]
[EventRounds "7"]
[EventCountry "GER"]
[SourceTitle "CBM 148 Extra"]
[Source "ChessBase"]
[SourceDate "2012.06.22"]
[SourceVersion "1"]
[SourceVersionDate "2012.06.22"]
[SourceQuality "1"]

1. Nf3 d5 2. c4 e6 3. g3 Nf6 4. Bg2 Be7 5. 0-0 0-0 6. d4 c5 7. cxd5 Nxd5 8. dxc5 Bxc5 9. a3 Be7 10. e4 Nb6 11. Qc2 Bd7 12. Rd1 Qc8 13. Nc3 Rd8 14. Bf4 Na4 15. Rxd7 Rxd7 16. Qxa4 Bf6 17. e5 Be7 18. Nb5 a6 19. Rc1 Qd8 20. Nd6 Rc7 21. Rd1 Nd7 22. Ne4 Rac8 23. Qb3 Qf8 24. Nd6 Nc5 25. Qe3 Rb8 26. Rc1 b6 27. b4 Nb7 28. Rxc7 Bxd6 29. exd6 Nxd6 30. Qd3 1-0

[Event "Rheinland Pfalz op 4th"]
[Site "Altenkirchen"]
[Date "2012.06.07"]
[Round "2"]
[White "Wagener, Claude"]
[Black "Kuhn, Andreas"]
[Result "1-0"]
[WhiteElo "2264"]
[BlackElo "1949"]
[PlyCount "55"]
[EventDate "2012.06.07"]
[EventType "swiss"]
[EventRounds "7"]
[EventCountry "GER"]
[SourceTitle "CBM 148 Extra"]
[Source "ChessBase"]
[SourceDate "2012.06.22"]
[SourceVersion "1"]
[SourceVersionDate "2012.06.22"]
[SourceQuality "1"]

1. e4 d6 2. d4 Nf6 3. Nc3 e5 4. Nf3 Nbd7 5. Bc4 Be7 6. 0-0 0-0 7. a4 c6 8. a5 Rb8 9. Re1 b5 10. axb6 axb6 11. b3 b5 12. Bf1 Bb7 13. Bb2 exd4 14. Nxd4 g6 15. Nb1 Re8 16. Nd2 Bf8 17. g3 Bg7 18. Bg2 Qb6 19. c4 Ne5 20. Qc2 bxc4 21. bxc4 d5 22. c5 Qc7 23. f4 Ned7 24. e5 Nxe5 25. fxe5 Rxe5 26. N4f3 Rxe1+ 27. Rxe1 Ba6 28. Be5 1-0